[Event "Tata Steel Top Tienkamp"]
[Site "Wijk aan Zee NED"]
[Date "2026.02.01"]
[Round "9.4"]
[White "Van Foreest, Machteld"]
[Black "Baselmans, Luuk"]
[Result "1/2-1/2"]
[WhiteTitle "FM"]
[BlackTitle "FM"]
[WhiteElo "2330"]
[BlackElo "2406"]
[WhiteFideId "1051563"]
[BlackFideId "1051008"]
[EventDate "2026.01.23"]

1. e4 c5 2. Nf3 Nc6 3. c3 Nf6 4. e5 Nd5 5. Bc4 Nb6 6. Bb3 c4 7. Bc2 d5 8. exd6
Qxd6 9. O-O Bg4 10. h3 Bh5 11. Qe2 Bg6 12. Na3 Bd3 13. Nb5 Qd7 14. Bxd3 cxd3 15.
Qe4 f6 16. a4 Kf7 17. Nbd4 Nxd4 18. cxd4 Nxa4 19. d5 Nc5 20. Qc4 e6 21. dxe6+
Qxe6 22. Qf4 Qd5 23. b4 Bd6 24. Qh4 Nb3 25. Ra3 h5 26. Rxb3 Qxb3 27. Qe4 Rae8
28. Qxb7+ Re7 29. Qb5 a6 30. Qc6 Rd8 31. Qxa6 Bxb4 32. Qb6 Rd6 33. Qb8 Rdd7 34.
Qf4 Bd6 35. Qf5 g6 36. Qa5 Kg7 37. Qa1 Bc5 38. Bb2 Qb6 39. Bc3 Re2 40. Qa4 Bxf2+
41. Kh1 Qd6 42. Qb5 Rf7 43. Qc4 Rc7 44. Qb5 Bc5 45. Ne1 Qg3 46. Bxf6+ Kg8 47.
Qb8+ Bf8 48. Bh4 Qd6 49. Bg3 Rf7 50. Bxd6 Rxf1+ 51. Kh2 Rexe1 52. Qb3+ Kh7 53.
Bxf8 Rxf8 54. Qxd3 Kh6 55. Qd6 Rf2 56. Qd4 Ree2 57. Qh8+ Kg5 58. Qd8+ Kf5 59.
Qf8+ Ke6 60. Qe8+ Kf6 61. Qc6+ Kg7 62. Qb7+ Kh6 63. d3 h4 64. Qa8 g5 65. Qh8+
Kg6 66. Qg8+ Kf6 67. Qd8+ Kg6 68. Qg8+ Kf6 69. Qf8+ Ke5 70. Qg7+ Kf5 71. Qd7+
Kg6 72. Qc6+ Rf6 73. Qd5 Re1 74. Qg8+ Kh6 75. Qh8+ Kg6 76. Qg8+ Kh6 1/2-1/2

[Event "Tata Steel Top Tienkamp"]
[Site "Wijk aan Zee NED"]
[Date "2026.02.01"]
[Round "9.5"]
[White "Gloeckler, Christian"]
[Black "Grutter, Tim"]
[Result "1-0"]
[WhiteTitle "IM"]
[BlackTitle "IM"]
[WhiteElo "2444"]
[BlackElo "2399"]
[WhiteFideId "34608966"]
[BlackFideId "1057472"]
[EventDate "2026.01.23"]

1. Nf3 Nf6 2. c4 c5 3. b3 d5 4. cxd5 Nxd5 5. Bb2 Nc6 6. Nc3 e5 7. e3 Nxc3 8.
dxc3 Bf5 9. Nd2 e4 10. Qc2 Qe7 11. O-O-O O-O-O 12. Bb5 Qe6 13. Bxc6 Qxc6 14. f3
Bg6 15. Nxe4 Be7 16. c4 f6 17. h4 Rxd1+ 18. Rxd1 Rd8 19. Rxd8+ Bxd8 20. g4 Bxe4
21. fxe4 Qe6 22. Qg2 Bc7 23. Qf3 Qd7 24. Kc2 Qd6 25. Qf5+ Kd8 26. Qd5 Kc8 27.
Qg8+ Bd8 28. e5 fxe5 29. Qxh7 Qc6 30. Qf5+ Kc7 31. Bxe5+ Kb6 32. e4 Bxh4 33.
Bxg7 1-0